000 00311nam a22001337a 4500
008 170619b xxu||||| |||| 00| 0 eng d
020 _a0232760202
041 _aeng
080 _a94
100 _a18
101 _aSHP
245 _aROAD OPEC UNITED RELATIONS WITH VENEZUELA
_cRABE.S.G
942 _2udc
_cBK
999 _c18196
_d18196